ბათუმის შოთა რუსთაველის სახელმწიფო უნივერსიტეტის ბიბლიოთეკა

მერანი (ბიბ.ჩანაწერი № 43197)

000 -LEADER
fixed length control field 00948nam a2200253Ia 4500
001 - CONTROL NUMBER
control field 9922
003 - CONTROL NUMBER IDENTIFIER
control field GE_BSU
008 - FIXED-LENGTH DATA ELEMENTS--GENERAL INFORMATION
fixed length control field 181216s||||||||xx |||||||||||||| ||und||
040 ## - CATALOGING SOURCE
Transcribing agency GE_BSU
080 ## - UNIVERSAL DECIMAL CLASSIFICATION NUMBER
Universal Decimal Classification number 821.353.1–1
100 ## - MAIN ENTRY--PERSONAL NAME
Personal name ბარათაშვილი,ნიკოლოზ
245 ## - TITLE STATEMENT
Title მერანი
245 ## - TITLE STATEMENT
Remainder of title ლექსი
245 ## - TITLE STATEMENT
Statement of responsibility, etc. მხატვ.თ.სამსონაძე
260 ## - PUBLICATION, DISTRIBUTION, ETC.
Place of publication, distribution, etc. თბილისი
260 ## - PUBLICATION, DISTRIBUTION, ETC.
Name of publisher, distributor, etc. განათლება
260 ## - PUBLICATION, DISTRIBUTION, ETC.
Date of publication, distribution, etc. 1968
300 ## - PHYSICAL DESCRIPTION
Extent 24გვ.25სმ.
520 ## - SUMMARY, ETC.
Summary, etc. ტექსტიქართ.,რუს.,უკრაინ.,ბელორ., უზბეკურ, ყაზახ., აზერბ.,ლიტვ.,მოლდ., ლატვ.,ყირგიზ.,ტაჟიკ.,სომხ.,თურქმ., ესტონ.ენებზე
653 ## - INDEX TERM--UNCONTROLLED
Uncontrolled term ლექსი
653 ## - INDEX TERM--UNCONTROLLED
Uncontrolled term მერანი
942 ## - ADDED ENTRY ELEMENTS (KOHA)
Koha item type წიგნი
ეგზემპლარები
Withdrawn status Lost status Damaged status Not for loan Date acquired Barcode Date last seen Price effective from Koha item type
        2018-12-17 32944 2018-12-17 2018-12-17 წიგნი